| 000 | 00535nam a22002057a 4500 | ||
|---|---|---|---|
| 003 | OSt | ||
| 005 | 20180116183002.0 | ||
| 008 | 150225b xxu||||| |||| 00| 0 eng d | ||
| 040 | _c0 | ||
| 050 | _a330.015193 | ||
| 082 | _a330.015193 | ||
| 100 | _aGibbons,Robert | ||
| 245 |
_aGame Theory for Applied Economists. _cRobert Gibbons |
||
| 260 |
_aNew Jersey _bPrinceton University Press. _c1988 |
||
| 300 | _a255p. | ||
| 500 | _aHard Cover | ||
| 600 | _aGibbons,Robert | ||
| 700 | _aGibbons,Robert | ||
| 942 |
_2ddc _cBK _k330.015193 |
||
| 999 |
_c349880 _d349880 |
||